000 00441nam a2200181Ia 4500
003 OSt
005 20241125104308.0
008 230312s9999||||xx |||||||||||||| ||und||
020 _a978-1939621931
040 _dabc
050 _a720.92
082 _a720.92
_bAHE-T
100 _aAhearn;Patrick
245 0 _aTimeless:Classic American Architecture for Contemporary Living
260 _c2018
650 _aArchitecture
942 _cBK
_2ddc
999 _c14427
_d14427